Countries by Capital Changes - Statistics

General Stats
  • This quiz has been taken 19 times
  • The average score is 17 of 20
Answer Stats
Previous Year New Answer % Correct
Melbourne 1927 Canberra Australia
100%
Rio de Janeiro 1960 Brasilia Brazil
100%
Toronto 1857 Ottawa Canada
100%
Bonn 1990 Berlin Germany
100%
Florence 1871 Rome Italy
100%
Kyoto 1868 Tokyo Japan
100%
St. Petersburg 1918 Moscow Russia
100%
Istanbul 1923 Ankara Turkey
100%
Belize City 1970 Belmopan Belize
94%
Jakarta Future Nusantara Indonesia
94%
Karachi 1967 Islamabad Pakistan
94%
Lagos 1991 Abuja Nigeria
89%
Almaty 1997 Astana Kazakhstan
78%
Dar es Salaam 1974 Dodoma Tanzania
78%
Yangon 2005 Naypyidaw Myanmar
72%
Abdijan 1983 Yamoussoukro Ivory Coast
67%
Titograd 1992 Podgorica Montenegro
67%
Bujumbura 2019 Gitega Burundi
61%
Malabo 2026 Ciudad de la Paz Equatorial Guinea
61%
Zomba 1975 Lilongwe Malawi
61%
No matching quizzes found
Score Distribution
Percent of People with Each Score
Percentile by Number Answered
Your Score History
You have not taken this quiz